000 00334nam a2200109Ia 4500
008 200302s9999 xx 000 0 und d
100 _aArvind Krishan and Others
245 _aClimate responsive architecture a design handbook for energy efficient buildings
260 _bMcGraw Hill Education Pvt. Ltd.
260 _c2001
300 _a407
999 _c6539
_d6539